| 000 | 00817nas a2200277 4500 | ||
|---|---|---|---|
| 001 | BR0701393 | ||
| 003 | BR-BrBNA | ||
| 005 | 20231205110641.0 | ||
| 007 | ta | ||
| 008 | 230509b bl.|||p| |||| 00| 00por d | ||
| 040 |
_aBR-BrBNA _bpor _cBiblioteca Nacional de Agricultura |
||
| 041 | _a(Pt) | ||
| 072 | _aQ70 | ||
| 100 | 1 | _aLima, E.G. de | |
| 100 | 1 | _aSilva, D.A. da | |
| 245 | 1 | _aResíduos gerados em indústrias de móveis de madeira situadas no pólo moveleiro de Arapongas-PR | |
| 650 | _aMADEIRA | ||
| 650 | _aMÓVEL | ||
| 650 | _aRESÍDUO INDUSTRIAL | ||
| 650 | _aPEQUENA EMPRESA | ||
| 650 | _aRECICLAGEM | ||
| 650 | _aPARANÁ | ||
| 773 | 0 |
_tFloresta (Brazil) _xISSN 0015-3826 _g(Jan-Apr 2005), v. 35(1) p. 105-116 _wBR0701393 |
|
| 909 |
_a202311 _bLúcia _c55 _dLúcia Elande |
||
| 942 |
_2AGRIS _n0 _cANA |
||
| 999 |
_c188372 _d188372 |
||